000 00566nam a2200181 i 4500
001 34362
003 ES-MaACL
005 20250920063037.0
007 t|
008 030204s1966 sp ||||1| spa d
100 1 _aBlondel, Maurice,
_d1861-1949
_929548
245 1 0 _aExigencias filosóficas del Cristianismo /
_cMaurice Blondel ; traducción y prefacio de Jorge Hourton.
260 _aBarcelona :
_bHerder,
_c1966.
300 _a394 p. ;
_c22 cm.
700 1 _aHourton, Jorge.
_964343
852 _aES-MaACL
_jC-30937
_bR.61567
999 _c34362
_d34362